000 01050nam a2200253 a 4500
001 83831
003 BD-RjUL
005 20240528100101.0
008 240528s2002 bg a|||| m||| 00| 0 eng d
035 _a(BD-RjUL)83831
040 _aBD-RjUL
_beng
_cBD-RjUL
_dBD-RjUL
041 _aeng
082 _223
_a597.17636
_bNAW 2002
100 _aNAHAR, QUAMRUN
_913193
245 1 0 _aWATER QUALITY AND SOIL CONDITION OF SOME AQUACULTURAL PONDS OF RAJSHAHI IN RELATION TO ZOOPLANKTION OCCURRENCE /
_cQUAMRUN NAHAR
_6Supervisor : N. I. M. Abdus Salam Bhuiyan Co-Supervisor : C. M. Mustafa
260 _aRajshahi :
_bDepartment of Zoology,University of Rajshahi
_c2002
300 _axiii, [1], 428 leaves :
_bill.;
_c29 cm.
502 _aThesis (Ph.D.) -- Department of Zoology,University of Rajshahi,2002
504 _aBibliography : Leaves 320-344
650 _aPonds ecology
_xZooplankton
_zBangladesh
_zRajshahi
_913194
700 _aBhuiyan, N. I. M. Abdus Salam, Supervisor
_95027
700 _aMustafa, C. M. Co-Supervisor
_913195
942 _2ddc
_cTHE
999 _c83831
_d83831